Entry Personal Name
Number of records used in: 12
001 - CONTROL NUMBER
003 - CONTROL NUMBER IDENTIFIER
005 - DATE AND TIME OF LATEST TRANSACTION
- control field:
20160618165132.0
008 - FIXED-LENGTH DATA ELEMENTS
- fixed length control field:
160618|| aca||aabn | a|a d
040 ## - CATALOGING SOURCE
- Original cataloging agency:
OSt
- Transcribing agency:
OSt
100 ## - HEADING--PERSONAL NAME
- Personal name:
Banerjee, Bhabatosh
670 ## - SOURCE DATA FOUND
- Source citation:
Work cat.: (OSt): Banerjee, Bhabatosh, Cost Accounting, 2003